LEADER 01539nam a2200301 i 4500 001 000000130864 003 CaOOAMICUS 005 20201021095035.0 008 100721s2010 it u000 u ita u 013 $a103701 020 $a978-88-465-0695-5 040 $aSeMil$bita 240 10$aGrundlagen des Dogmas : Einleitung in die Dogmatik.$0(OLS)http://semarc/title/122422 245 10$a1: Fondamenti del dogma :$bintroduzione alla dogmatica /$cLeo Scheffczyk ; testo curato per l'edizione italiana da Manfred Hauke. 264 1$aCittą del Vaticano :$bLateran University Press,$c2010. 300 $a334 p. ;$c25 cm. 650 4$aTeologia dogmatica.$0(OLS)http://semarc/subject/68 650 4$aDogma - Storia delle dottrine.$0(OLS)http://semarc/subject/5 700 1 $aHauke, Manfred,$d<1956- >.$0(OLS)http://semarc/name/35806 700 1 $aScheffczyk, Leo,$c.$0(OLS)http://semarc/name/110 773 0 $aScheffczyk, Leo $tDogmatica cattolica.$dCittą del Vaticano : Lateran University Press, 2010-$g1$w()23521 850 $aSeMil 852 $aSeMil$W1$xVenegono$y1$m2B VI 51$j84883$B84883$CSeMilBibl$Z2$F88402 $81 961 $aAcquisto: L.S. srl 996 $6020$a978-88-465-0695-5$9(OLS)http://semarc/number/117778 996 $6245$a1: Fondamenti del dogma :$bintroduzione alla dogmatica$9(OLS)http://semarc/title/192652 996 $6264$aCittą del Vaticano :$bLateran University Press$9(OLS)http://semarc/publisher/34661 LEADER 04470nam a2200445 i 4500 001 000000030030 003 CaOOAMICUS 005 20250808101820.0 008 180830n2000 it u000 u ita u 040 $aSeMil$bita 100 1 $aManzoni, Alessandro,$d<1785-1873>.$0(OLS)http://semarc/name/1162 245 10$aEdizione nazionale ed europea delle opere di Alessandro Manzoni :$btesti criticamente riveduti e commentati /$cdiretta da Giancarlo Vigorelli. 264 1$aMilano :$bCentro Nazionale Studi Manzoniani,$c2000- 300 $a36 v. ;$c23 cm. 700 1 $aVigorelli, Giancarlo,$d<1913-2005>.$0(OLS)http://semarc/name/6323 774 0 $aManzoni, Alessandro <1785-1873>$t1: Inni sacri e odi civili / .$dMilano : Centro Nazionale Studi Manzoniani, 2017.$z978-88-319-0600-5$w()332526 774 0 $aManzoni, Alessandro <1785-1873>$t3: Il conte di Carmagnola.$dMilano : Centro Nazionale Studi Manzoniani, 2004.$w()332527 774 0 $aManzoni, Alessandro <1785-1873>$t4: Adelchi.$dMilano : Centro Nazionale Studi Manzoniani, 2015.$z978-88-87924-33-6$w()332536 774 0 $aManzoni, Alessandro <1785-1873>$t5: Discorso sopra alcuni punti della storia longobardica in Italia / .$dMilano : Centro Nazionale Studi Manzoniani, 2005.$w()332537 774 0 $aManzoni, Alessandro <1785-1873>$t6.2 Materiali per una teoria dell'arte drammatica.$dMilano : Centro Nazionale Studi Manzoniani, 2024.$z978-88-319-0616-6$w()363868 774 0 $aManzoni, Alessandro <1785-1873>$t11: I promessi sposi.$dMilano : Centro Nazionale Studi Manzoniani, 2013.$z978-88-87924-27-5$w()230334 774 0 $aManzoni, Alessandro <1785-1873>$t12: Storia della colonna infame.$dMilano : Centro Nazionale Studi Manzoniani, 2013.$w()230335 774 0 $aManzoni, Alessandro <1785-1873>$t13: Sul romanticismo.$dMilano : Centro Nazionale Studi Manzoniani, 2008.$z978-88-87924-67-1$w()332539 774 0 $aManzoni, Alessandro <1785-1873>$t14: Del romanzo storico e, in genere, de' componimenti misti di storia e d'invenzione.$dMilano : Centro Nazionale Studi Manzoniani, 2000.$w()332540 774 0 $aManzoni, Alessandro <1785-1873>$t15: La Rivoluzione francese del 1789 e la Rivoluzione italiana del 1859, Dell'indipendenza dell'Italia / .$dMilano : Centro Nazionale Studi Manzoniani, 2000.$w()332541 774 0 $aManzoni, Alessandro <1785-1873>$t16: Dell'invenzione e altri scritti filosofici.$dMilano : Centro Nazionale Studi Manzoniani, 2004.$w()332551 774 0 $aManzoni, Alessandro <1785-1873>$t17-18: Scritti linguistici inediti.$dMilano : Centro Nazionale Studi Manzoniani, 2000.$w()332552 774 0 $aManzoni, Alessandro <1785-1873>$t19: Scritti linguistici editi.$dMilano : Centro Nazionale Studi Manzoniani, 2000.$w()332558 774 0 $aManzoni, Alessandro <1785-1873>$t20: Postille.$dMilano : Centro Nazionale Studi Manzoniani, 2002.$w()332559 774 0 $t23.2: Postille di Luigi Rossari al Dizionario universale critico enciclopedico di Francesco D'Alberti di Villanuova (Milano, Cairo, 1825).$dMilano : Centro Nazionale Studi Manzoniani, 2014.$z978-88-87924-29-9$w()332560 774 0 $aManzoni, Alessandro <1785-1873>$t24: Postille al Vocabolario della crusca nell'edizione veronese.$dMilano : Centro Nazionale Studi Manzoniani, 2005.$w()332561 774 0 $aManzoni, Alessandro <1785-1873>$t27: Carteggio Alessandro Manzoni-Claude Fauriel.$dMilano : Centro Nazionale Studi Manzoniani, 2000.$w()332562 774 0 $aManzoni, Alessandro <1785-1873>$t28: Carteggio Alessandro Manzoni-Antonio Rosmini.$dMilano : Centro Nazionale Studi Manzoniani, 2003.$w()332563 774 0 $aManzoni, Alessandro <1785-1873>$t29: Carteggi letterari.$dMilano : Centro Nazionale Studi Manzoniani, 2010-2017.$w()4272 774 0 $aManzoni, Alessandro <1785-1873>$t30.1: Carteggi familiari 1.$dMilano : Centro Nazionale Studi Manzoniani, 2006.$w()332567 774 0 $aManzoni, Alessandro <1785-1873>$t30.2: Carteggi familiari 2.$dMilano : Centro Nazionale Studi Manzoniani, 2006.$w()332568 774 0 $aManzoni, Alessandro <1785-1873>$t31: Carteggi familiari. 2, Alessandro Manzoni, Vittoria e Giambattista Giorgini.$dMilano : Centro Nazionale Studi Manzoniani, 2019.$w()345832 996 $6245$aEdizione nazionale ed europea delle opere di Alessandro Manzoni :$btesti criticamente riveduti e commentati$9(OLS)http://semarc/title/40859 996 $6264$aMilano :$bCentro Nazionale Studi Manzoniani$9(OLS)http://semarc/publisher/34813